Atti... VI dicembre MDCCCLX

Guardado en:
Detalles Bibliográficos
Autor principal: Società biellese per l'avanzamento delle arti,.dei mestieri e dell'agricoltura.
Formato: Libro
Lenguaje:italiano
Publicado: Biella Amosso 1861
Catálogo:EDISCO:  Resultados de Búsqueda del Catálogo
Clasificación de libros de texto:
Etiquetas: Agregar Etiqueta
Sin Etiquetas, Sea el primero en etiquetar este registro!
Añadido a:2016-04-30
Cambiado en:2017-10-18

MARC

LEADER 00000aam a22000007 4500
001 03096
003 OSt
005 20171018093717.0
008 160501s1861 it 000 0 ita
040 |c Gianfranco Bandini - Firenze - CLIO 
041 1 |a ita 
100 1 |a Società biellese per l'avanzamento delle arti,.dei mestieri e dell'agricoltura. 
245 0 0 |a Atti... VI dicembre MDCCCLX 
260 |a Biella  |b Amosso  |c 1861 
300 |a 20, 1/x ;  
901 |a 7 
942 |2 ddc  |c BK 
546 |a ita 
999 |c 3085  |d 3085 
999 |c edisco:3085  |d 3085